| 000 | 004880000a22001810004500 | ||
|---|---|---|---|
| 003 | MACL | ||
| 005 | 20151027142014.0 | ||
| 008 | 151027b xxu||||| |||| 00| 0 eng d | ||
| 040 |
_aMACL _cMACL |
||
| 041 | _aEnglish | ||
| 082 | _a300/HUB | ||
| 100 |
_aWebster, John C B _916934 |
||
| 245 |
_aA Social History of Christianity _bNorth West India Since 1800 |
||
| 260 |
_bOxford University Press _c2008 _aNew Delhi |
||
| 350 | _a695 | ||
| 650 |
_aSociology _919 |
||
| 942 |
_cBK _k300/WEB _2ddc |
||
| 999 |
_c43934 _d43934 |
||